| 000 -LEADER |
| fixed length control field |
00651nam a22001937a 4500 |
| 020 ## - INTERNATIONAL STANDARD BOOK NUMBER |
| ISBN |
9789719655534 |
| 082 ## - DEWEY DECIMAL CLASSIFICATION NUMBER |
| Classification number |
001.42 |
| Item number |
M539 2023 |
| 100 ## - MAIN ENTRY--AUTHOR NAME |
| Personal name |
Mendoza, Eric C., author. |
| 245 ## - TITLE STATEMENT |
| Title |
Thesis and dissertation writing made easy / Eric C. Mendoza, EDD, LPT, Rowena A. Bolotaolo, DEM, LPT, RGC. |
| 260 ## - PUBLICATION, DISTRIBUTION, ETC. (IMPRINT) |
| Place of publication |
Manila : |
| Name of publisher |
Mindshapers Co., Inc., |
| Year of publication |
©2023. |
| 300 ## - PHYSICAL DESCRIPTION |
| Number of Pages |
v, 92 pages ; |
| Other physical details |
23 cm. |
| 500 ## - GENERAL NOTE |
| General note |
Includes bibliographical references. |
| 650 ## - SUBJECT ADDED ENTRY--TOPICAL TERM |
| Topical Term |
Dissertations, Academic -- Authorship. |
| 650 ## - SUBJECT ADDED ENTRY--TOPICAL TERM |
| Topical Term |
Academic writing. |
| 650 ## - SUBJECT ADDED ENTRY--TOPICAL TERM |
| Topical Term |
Report writing. |
| 650 ## - SUBJECT ADDED ENTRY--TOPICAL TERM |
| Topical Term |
Research -- Methodology. |
| 700 ## - ADDED ENTRY--PERSONAL NAME |
| Personal name |
Bolotaolo, Rowena A. |
| 942 ## - ADDED ENTRY ELEMENTS (KOHA) |
| Koha item type |
Books |